Kapitoly z dejín slovenskej literatúry druhej polovice 20. storočia vysokoškolská učebnica

Bibliographic Details
Main Author: Krnová, Kristína, 1952- (Author)
Format: Book
Language:Slovak
PhysicalDescription:157 s. 21 cm
Published: Banská Bystrica Belianum Univerzita Mateja Bela, Filozofická fakulta 2015
ISBN:9788055709178
Edition:3. dopl. a rozš. vyd.
Series:Filozofická fakulta
Subjects:

MARC

LEADER 00000cam a2200000 a 4500
001 vtls011330307
003 SK-MaSNL
005 20260301091507.0
008 240318s2015 xo e p 001 0 slo
015 |a SNBA2015/11 
020 |a 9788055709178  |q (brož.) 
035 |a D928E9DB-BF02-4B4F-A8D3-481063C590A2 
035 |a urn:nbn:sk:snk-aml8dp 
035 |a urn:nbn:sk:snk-am008sbn 
040 |a SNK  |b slo  |c SNK  |e AACR2 
041 0 |a slo 
044 |a xo  |c SK 
072 7 |a 821.162.4.09  |x Slovenská literatúra (o nej)  |2 konspekt 
080 |a 821.162.4(091)  |2 2001 
080 |a (075.8)  |2 2001 
100 1 |a Krnová, Kristína,  |d 1952-  |4 aut  |9 7150 
245 1 0 |a Kapitoly z dejín slovenskej literatúry druhej polovice 20. storočia  |b vysokoškolská učebnica  |c Kristína Krnová 
250 |a 3. dopl. a rozš. vyd. 
260 |a Banská Bystrica  |b Belianum  |b Univerzita Mateja Bela, Filozofická fakulta  |c 2015 
300 |a 157 s.  |c 21 cm 
366 |e 150 výt. 
490 1 |a Filozofická fakulta 
500 |a Nad názvom: Univerzita Mateja Bela v Banskej Bystrici Filozofická fakulta 
504 |a Bibliogr. odkazy ; pozn. ; reg. mien 
648 7 |a 1951-2000  |2 SNKPH  |9 319078 
650 0 7 |a slovenská poézia  |2 SNKPH  |9 215422 
650 0 7 |a History of Slovak literature  |2 SNKPHeng  |9 295954 
655 7 |a učebnice vysokých škôl  |2 SNKPH  |9 70191 
655 7 |a Textbooks (higher)  |2 SNKPHeng  |9 276436 
810 2 |a Univerzita Mateja Bela v Banskej Bystrici.  |t Filozofická fakulta  |9 133058 
852 |a Štátna vedecká knižnica v Banskej Bystrici 
919 |a 978-80-557-0917-8 
958 |a OND 
958 |a NB 
999 |c 671313  |d 673243 
952 |a SNK  |b SNK  |y PREZ  |7 0  |p 17A1175045  |o snkSC 167058  |i snk2015/31865  |8 0  |0 0  |1 0  |4 0  |d 2015-11-24  |f 1  |l 0  |r 2015-12-31 00:00:00  |w 2026-02-23 
952 |a SNK  |b SNK  |y VYP  |7 0  |p 17A1175046  |o snkSC 167058 D1  |i snk2015/31866  |8 0  |0 0  |1 0  |4 0  |d 2015-11-24  |l 0  |r 2026-02-23 19:26:32  |w 2026-02-23